| 000 | 01435nam a2200349 a 4500 | ||
|---|---|---|---|
| 001 | 000048303 | ||
| 003 | DO-SdBNP | ||
| 005 | 20250621074009.0 | ||
| 007 | ta | ||
| 008 | 130510s2006 dr 000 0 spa d | ||
| 020 | _a9789945863307 | ||
| 040 |
_aDO-SdBNP _bspa _cBNPHU _erda |
||
| 082 | 4 |
_a320.97293 _bP154en, 2008 _222 |
|
| 100 | 1 |
_aPalamara Mieses, Battésimo A., _d1935- _922859 |
|
| 245 | 1 | 0 |
_aEnsayo histórico y cultural : _bciclo de conferencias. / _cBattésimo A. Palamara Mieses. |
| 250 | _a6a edición | ||
| 264 |
_aSanto Domingo : _bKarabú, _c2008 |
||
| 300 |
_a121 páginas ; _bIlustraciones, mapas ; _c21 cm. |
||
| 336 |
_2rdacontent _atexto _btxt |
||
| 337 |
_2rdamedia _asin mediación _bn |
||
| 338 |
_2rdacarrier _avolumen _bnc |
||
| 500 | _aIncluye datos biográficos del autor en la solapa de la contracubierta. | ||
| 504 | _aBibliografía : página 3 | ||
| 505 |
_aColección "Omega de Geografía Económica. _tGeografía de la Isla de Santo Domingo. / _rLic. Bolívar Troncoso.-- _tLa Bitácora del Almirante Cristóbal Colón. / _tArchivo General de la Nación en Santo Domingo. |
||
| 590 | _aInventariado, 2023 / MF | ||
| 651 | 0 |
_aRepública Dominicana _xPolítica y gobierno _945 |
|
| 651 | 4 |
_aRepública Dominicana _xRelaciones _zHaití _95153 |
|
| 651 | 4 |
_aRepública Dominicana _xHistoria _9170 |
|
| 651 | 4 |
_aItalia _xHistoria _980252 |
|
| 910 | _aValidado. Control de calidad MFF | ||
| 942 |
_2ddc _cLBS1 |
||
| 999 |
_c47791 _d47791 |
||